| 000 | 00467nam a22002057a 4500 | ||
|---|---|---|---|
| 001 | 22209 | ||
| 005 | 20260408144212.0 | ||
| 008 | 260408b |||||||| |||| 00| 0 spa d | ||
| 041 | _aESP | ||
| 082 |
_a510 _bR75 |
||
| 100 |
_aRodríguez Calderón, Carlos _eAUT |
||
| 245 | _aMatemáticas | ||
| 260 |
_a : _b , _c1989 |
||
| 300 |
_a258 páginas : _b ; _c22 cm. |
||
| 440 | _a ; | ||
| 650 | _aCMM | ||
| 654 | _aCMA | ||
| 700 | _a; | ||
| 942 |
_cLIB _dJUS _fJUS _n0 _2ddc |
||
| 999 |
_c22209 _d22209 |
||